| 000 | 01617nam a22002177a 4500 | ||
|---|---|---|---|
| 999 |
_c59938 _d59938 |
||
| 003 | Ge_BSU | ||
| 005 | 20230519144711.0 | ||
| 008 | 230519s2017 ge ||||| |||| 00| 0 geo d | ||
| 020 | _a1512-3037 | ||
| 041 | _ageo | ||
| 080 | _a378(063) ქ-27 | ||
| 245 |
_aქართული უნივერსიტეტის შრომები : _bტ.3 / _cსაქართველოს საპატრიარქოს წმინდა ანდრია პირველწოდებულის სახელობის ქართული უნივერსიტეტი ; მთავარი რედაქტორი სერგო ვარდოსანიძე. ტომი მოამზადა ვახტანგ გურულმა და პაატა გოგიშვილმა. |
||
| 264 |
_aთბილისი : _bქართული უნივერსიტეტი, _c2017. |
||
| 300 |
_a376 გვ.; _b29 სმ. |
||
| 653 | _aშრომები | ||
| 700 |
_aვარდოსანიძე, სერგო _eრედაქტორი _918143 |
||
| 700 |
_aგურული, ვახტანგ _eტომის ავტორი _918144 |
||
| 700 |
_aგოგიშვილი, პაატა _eტომის ავტორი _918145 |
||
| 710 |
_aსაქართველოს საპატრიარქოს წმინდა ანდრია პირველწოდებულის სახელობის ქართული უნივერსიტეტი. _912984 |
||
| 942 |
_2udc _cBK |
||